| 000 | 00626nam a2200193Ia 4500 | ||
|---|---|---|---|
| 003 | GCL | ||
| 005 | 20240530102744.0 | ||
| 008 | 140319s9999 xx 000 0 ara d | ||
| 040 |
_aGCL / _cGCL |
||
| 082 | 0 | 4 |
_a412 _bع ا |
| 100 | 1 | _aعبدالحميد الشلقانى | |
| 245 | 1 | 0 |
_aالاصمعى اللغوى : صورة عراقية فى القرن الثانى الهجرى / _cعبدالحميد الشلقانى |
| 260 |
_a[S.N] : _bدار المعارف ، _c1982 |
||
| 300 | _a285 ص | ||
| 650 | 0 | 4 | _aالادب العربى |
| 650 | 0 | 4 | _aاللغة العربية |
| 650 | 0 | 4 | _aالعراق |
| 942 |
_2ddc _cBK |
||
| 999 |
_c34451 _d34451 |
||